Digital terrain modeling (Record no. 299537)
[ view plain ]
| 000 -LEADER | |
|---|---|
| fixed length control field | 00283 a2200121 4500 |
| 001 - CONTROL NUMBER | |
| control field | 64464 |
| 082 ## - DEWEY DECIMAL CLASSIFICATION NUMBER | |
| Classification number | 562.22 SHE |
| 090 ## - LOCALLY ASSIGNED LC-TYPE CALL NUMBER (OCLC); LOCAL CALL NUMBER (RLIN) | |
| -- | 38087 |
| -- | 38087 |
| 100 ## - MAIN ENTRY--PERSONAL NAME | |
| Personal name | Sheimy N E |
| 245 ## - TITLE STATEMENT | |
| Title | Digital terrain modeling |
| Medium | English |
| 260 ## - PUBLICATION, DISTRIBUTION, ETC. | |
| Place of publication, distribution, etc. | Boston |
| Name of publisher, distributor, etc. | Artech house |
| Date of publication, distribution, etc. | 2005 |
| 300 ## - PHYSICAL DESCRIPTION | |
| Extent | xi, 257p. |
| 942 ## - ADDED ENTRY ELEMENTS (KOHA) | |
| Institution code [OBSOLETE] | NUST CAE |
| Call number prefix | 562.22 SHE |
| Withdrawn status | Lost status | Damaged status | Not for loan | Collection code | Permanent Location | Current Location | Date acquired | Total Checkouts | Full call number | Barcode | Date last seen | Price effective from | Koha item type |
|---|---|---|---|---|---|---|---|---|---|---|---|---|---|
| College of Aeronautical Engineering (CAE) | College of Aeronautical Engineering (CAE) | 04/03/2017 | 562.22 SHE | CAEN-4153 | 04/05/2017 | 04/05/2017 | Book |
